00344 a2200133 450000100060000002000180000604000220002410000250004624000550007124500500012630000080017636200090018465000170019367221 a9788508027859 cAnchieta - Pituba aHaydt, Regina Cazaux10aAvaliação do processo ensino-aprendizagemlpor10aAvaliação do processo ensino-aprendizagem a1590 a2008 4aEducação